10 Westernmost U.S. States - Statistics

General Stats
  • This quiz has been taken 63,804 times
  • The average score is 9 of 10
Answer Stats
Longitude State % Correct
124.4 °W California
99%
124.8 °W Washington
98%
179.1 °W Alaska
96%
124.6 °W Oregon
95%
178.3 °W Hawaii
94%
120.0 °W Nevada
94%
114.8 °W Arizona
90%
117.2 °W Idaho
87%
116.0 °W Montana
85%
114.0 °W Utah
85%
No matching quizzes found
Score Distribution
Percent of People with Each Score
Percentile by Number Answered
Your Score History
You have not taken this quiz